000 00788nam a2200265 a 4500
001 BRL_404
005 20190320210727.0
008 070813s1987----mx-#######---#000-0#spa-#
020 _a9682916275
041 _aspa
044 _amx
050 4 _aF1219
_b.L67 1987
100 1 _aVilloro, Luis
_923805
245 1 0 _aLos grandes momentos del indigenismo en México
_cLuis Villoro
260 _aMéxico
_bCIESAS
_c1987
300 _a248 p.
_c21 cm.
440 0 _aLecturas mexicanas
_vSegunda serie: 103
_923806
500 _aAu411
504 _aBibliografía: p. 245-248
650 1 4 _aIndígenas de México
_94678
650 1 4 _aIndígenas de México
_xOpinión pública
_923807
650 1 4 _aIndígenas de México
_xRelaciones con el gobierno
_923808
902 _aGRL
942 _2lcc
_cB
999 _c9217
_d9217